| 000 | 00551nam a22001697a 4500 | ||
|---|---|---|---|
| 005 | 20231120142458.0 | ||
| 008 | 231120b |||||||| |||| 00| 0 eng d | ||
| 020 | _a0409071331 | ||
| 041 | _aEnglish | ||
| 082 | _a343.4 SIL | ||
| 100 | _lEnglish | ||
| 245 |
_aSilke on South African Income Tax Act 58 of 1962 2001/2002 : _bUpdated to include Act of 60 of 2001 |
||
| 260 |
_aDurban : _bButterworth Publishers (Pty) Ltd, _c2002 |
||
| 300 |
_b499 pages ; _c25 cm. |
||
| 650 |
_aLegal practice _bLaw |
||
| 942 |
_cBK _6ALISON_BN_VRIES |
||
| 999 |
_c811 _d811 |
||